| 000 | 00510nam a22001817a 4500 | ||
|---|---|---|---|
| 003 | OSt | ||
| 005 | 20240716164725.0 | ||
| 008 | 240716b |||||||| |||| 00| 0 eng d | ||
| 020 | _a9780415543460 | ||
| 040 | _cMUST | ||
| 100 |
_aBarrattBethany _918800 |
||
| 245 |
_aHuman Rights and Foreign Aid/ _bfor love or money . _cBETHANY Barratt |
||
| 260 |
_aLondon _bRoutledge _c2008 |
||
| 300 |
_axii,239p _bill. _c23cm |
||
| 504 | _areferences and indexes included | ||
| 650 | _2Human rights | ||
| 942 |
_2ddc _cO_SHELF |
||
| 999 |
_c9213 _d9213 |
||